The founding fortunes : a new anatomy of the super-rich families in America /

Bibliographic Details
Main Author: Allen, Michael Patrick
Format: Book
Language:English
Published: New York : Truman Talley Books, [1987]
Edition:1st ed.
Subjects:

MARC

Tag First Indicator Second Indicator Subfields
LEADER 00000cam a22000008a 4500
001 in00000010376
005 20151007051344.0
008 870320s1987 nyu b 00110 eng
010 |a  87009912  
035 |a (OCoLC)15485570 
035 |9 AAA2580AM 
040 |a DLC  |c DLC  |d m/c  |d TXA  |d UtOrBLW 
043 |a n-us--- 
049 |a TXAM  |c [A11028903] 
050 0 0 |a HC110.W4  |b A44 1987 
082 0 |a 332/.0973  |2 19 
100 1 |a Allen, Michael Patrick. 
245 1 4 |a The founding fortunes :  |b a new anatomy of the super-rich families in America /  |c Michael Patrick Allen. 
250 |a 1st ed. 
263 |a 8711 
264 1 |a New York :  |b Truman Talley Books,  |c [1987] 
264 4 |c ©1987 
300 |a ix, 438 pages 
336 |a text  |b txt  |2 rdacontent 
337 |a unmediated  |b n  |2 rdamedia 
338 |a volume  |b nc  |2 rdacarrier 
504 |a Includes bibliographical references and index. 
650 0 |a Wealth  |z United States. 
650 0 |a Millionaires  |z United States. 
999 |a MARS 
999 f f |s 35bd065c-d692-3c48-9511-0ea6b5ff9fe2  |i 34b3b23c-488e-3968-ac25-f164d701389a  |t 0 
952 f f |p ric  |a Texas A&M University  |b Rellis Campus  |c Joint Library Facility  |d Remote Storage  |t 0  |e HC110.W4 A44 1987  |h Library of Congress classification  |i unmediated -- volume  |m A14811028903 
998 f f |a HC110.W4 A44 1987  |t 0  |l Remote Storage